Представление документа в формате RUSMARC

ПолеНазваниеЗначение
  Тип записи a
  Библиографический уровень m
001 Контрольный номер RU/CBS_UL/BASE/666460845
005 Дата корректировки 20240209174949.8
010 Индекс ISBN __
a ISBN
b Уточнения в пер.
d Цена 2 р. 10 к.
9 Тираж экз.
100 Данные общей обработки __
a Данные общей обработки 20210212d2021 ||| 0rusy0189 ca
101 Язык документа 0_
a Язык текста rus
102 Страна публикации __
a Страна публикации RU
105 Кодированные данные (монография) __
a Кодированные данные (монография) y###||||000|y
181 Поле кодированных данных: вид содержания _1
a Код вида содержания (ISBD) i#
b Код характеристики содержания (ISBD) #xxe##
d i
g x
h x
i e
2 Код системы (источник кода, отличный от ISBD) isbdcontent
182 Поле кодированных данных: тип средства _1
a Код типа средства (ISBD) n
2 Код системы (источник кода, отличный от ISBD) isbdmedia
200 Заглавие и сведения об ответственности 1_
a Заглавие Избранное
b Общее обозначение материала Текст
e Сведения, относящиеся к заглавию роман, рассказы
e Сведения, относящиеся к заглавию пер. с груз.
f Первые сведения об ответственности Г. Чиковани
g Последующие сведения об ответственности вступ. ст. В. Оскоцкого
g Последующие сведения об ответственности сост. М. Бирюковой
w Текст (визуальный) : непосредственный
203 Вид содержания и тип средства __
a Вид содержания Текст
b Характеристика содержания визуальный
c Тип средства непосредственный
210 Выходные данные 1_
a Место издания Москва
c Издательство Художественная литература
d Дата издания 1990
215 Физическое описание __
a Объем 494 с.
d Формат см.
300 Общие примечания __
a Общие примечания Под инв. номером 33587: Ц-1, 2-1, 3-2, 4-1, 6-2, 15-1, 19-1, 21с-1
333 Примечание о целевом назначении __
a Примечание о целевом назначении 16+
606 Тематические рубрики 0_
a Основная рубрика Грузинская литература, 20 в. - Проза
610 Ключевые слова 0_
a Ключевые слова литература грузинская
a Ключевые слова проза грузинская
a Ключевые слова романы
a Ключевые слова рассказы
686 Индексы других классификаций __
a Классификационный индекс 84(5Гру)
2 Код системы rubbk
700 Автор _1
a Фамилия Чиковани
b Имя (инициалы) Григол
g Полное личное имя Г.
801 Источник записи _0
a Страна RU
b Организация МБУК ЦБС
c Дата составления 20210212
g Правила каталогизации RCR
801 Источник записи _1
a Страна RU
b Организация МБУК ЦБС г. Ульяновска
c Дата составления 20210212
g Правила каталогизации RCR
899 Данные о местонахождении __
i Авторский знак Ч-60
j Расстановочный фильтр И(Груз)
901 Тип документа __
t Тип документа m
910 Корректоры записи __
a Корректор записи Мазина